Every City in Mozambique - Statistics

General Stats
  • This quiz has been taken 7 times
  • The average score is 12 of 90
Answer Stats
City Population % Correct
M Maputo 1,080,277
100%
X Xai-Xai 115,752
67%
A Alto Molócuè 42,200
33%
B Beira 592,090
33%
B Boane 23,524
33%
C Chimoio 363,336
33%
I Inhambane 82,119
33%
L Lichinga 242,204
33%
M Manica 36,124
33%
M Matola 1,032,197
33%
M Mocuba 168,736
33%
N Nacala Porto 206,449
33%
N Nampula 663,212
33%
P Pemba 200,529
33%
Q Quelimane 246,915
33%
T Tete 307,338
33%
A Angoche 89,998
17%
C Caia 18,233
17%
C Caniçado 5,689
17%
C Chibuto 63,184
17%
C Chiúre 32,603
17%
C Chókwè 53,062
17%
C Cuamba 79,013
17%
D Dondo 70,817
17%
G Gondola 33,877
17%
G Gorongosa 18,761
17%
G Gurué 145,466
17%
H Homoíne 7,272
17%
I Inhassoro 11,297
17%
I Insaca 5,741
17%
M Macomia 19,997
17%
M Macone 25,557
17%
M Malema 20,277
17%
M Mandimba 16,323
17%
M Mandlacaze 10,317
17%
M Marrupa 8,235
17%
M Milange 30,257
17%
M Mocímboa da Praia 39,010
17%
M Monapo 43,160
17%
M Morrumbala 20,727
17%
M Mossuril 20,730
17%
M Mueda 23,480
17%
N Nacala-a-Velha 15,691
17%
N Namaacha 12,725
17%
N Nametil 45,160
17%
Q Quissico 10,391
17%
R Ribáuè 26,035
17%
U Ulongué 13,620
17%
V Vilankulo 37,176
17%
B Bela Vista 2,588
0%
B Búzi 14,092
0%
C Catandica 22,271
0%
C Chicualacuala 8,321
0%
C Chinde 15,116
0%
I Iapala 17,344
0%
I Ibo 4,908
0%
I Inhaminga 9,956
0%
I Inharrime 8,106
0%
L Luabo 6,112
0%
M Machipanda 13,742
0%
M Macia 27,795
0%
M Maganja da Costa 15,410
0%
M Magude 10,692
0%
M Manhiça 56,165
0%
M Marracuene 11,236
0%
M Marromeu 39,409
0%
M Massinga 20,930
0%
M Maxixe 108,824
0%
M Meconta 9,376
0%
M Messica 13,695
0%
M Metangula 12,772
0%
M Moamba 12,862
0%
M Moatize 38,924
0%
M Moçambique 48,063
0%
M Montepuez 76,139
0%
M Murrupula 16,791
0%
M Mutuáli 28,342
0%
N Namacurra 19,497
0%
N Namapa-Eráti 22,713
0%
N Namialo 32,048
0%
N Nhamatanda 25,902
0%
N Nhamayabué 8,685
0%
N Nova Mambone 2,137
0%
P Pebane 14,779
0%
P Praia do Bilene 7,951
0%
R Ressano Garcia 7,689
0%
S Sanga 3,602
0%
S Songo 26,775
0%
X Xilembene 20,440
0%
X Xinavane 9,930
0%
No matching quizzes found
Score Distribution
Percent of People with Each Score
Percentile by Number Answered
Your Score History
You have not taken this quiz